Floresta de indias

Uloženo v:
Podrobná bibliografie
Hlavní autoři: Salas, Alberto Mario (Autor), Guerin, Miguel A (Autor)
Médium: Kniha
Jazyk:španělština
Vydáno: Buenos Aires Losada 1970
Témata:
Tagy: Přidat tag
Žádné tagy, Buďte první, kdo vytvoří štítek k tomuto záznamu!

MARC

LEADER 00000nam a2200000 a 4500
001 UCO2906
003 CL-VaPUC
008 000608e19700000AG |||||||||||||||||spa|d
082 0 4 |a 980  |b SAL  |2 21 
100 0 |a Salas, Alberto Mario  |e author  |9 446633 
700 0 |a Guerin, Miguel A  |e author  |9 446634 
245 1 0 |a Floresta de indias 
300 |a 222 p 
942 |c BK 
945 |d 20000608 00:00:00  |a rherrera 
260 |a Buenos Aires  |b Losada  |c 1970 
650 7 |a HISTORIA DE AMERICA SIGLO 16  |2 CL-VaPUC  |9 317731 
650 7 |a CRONICAS  |2 CL-VaPUC  |9 336724 
651 0 |a América  |9 255182 
583 |a last modification  |c 20160817 04:56:58  |k Rodrigo Vera 
999 |c 289396  |d 289394 
952 |0 0  |1 0  |4 0  |6 980_000000000000000_SAL_1970  |7 0  |8 A  |9 337754  |a BIBHIS  |b BIBHIS  |d 2019-11-20  |i 1288962  |o 980 SAL 1970  |p 1288962  |r 2025-01-20  |w 2019-11-20  |y BK  |k HIS